Co można jeść na śniadanie - Statystyki

Ogólne statystyki
  • Ten quiz został rozwiązany 690 razy
    542 od ostatniego zresetowania
  • Średni wynik to 6 z 17
Statystyki odpowiedzi
Odpowiedzi % Poprawnych
Płatki
86%
Kanapki
78%
Tosty
67%
Jajko | Sadzone | Na miękko
56%
Naleśniki
56%
Jajecznicę
54%
Parówki
50%
Owsiankę
39%
Jogurt
34%
Sałatkę
27%
Kiełbasę
23%
Pączka
7%
Rogalika
5%
Rybę | Rybę w Sosie | Oleju
5%
Zupkę Chińską
5%
Bułkę Słodką
2%
Makaron na Mleku
2%
Nie znaleziono quizów pasujących do podanych kryteriów
Rozkład punktacji
Procent ludzi z każdym wynikiem
Percentyl według liczby udzielonych odpowiedzi
Twoja historia wyników
Nie rozwiązałeś tego quizu od ostatniego zresetowania